000 01757nac a22004697a 4500
001 BR8102497
003 BR-BrBNA
005 20240105114952.0
008 230509b bl.|||m| |||| 00| 0 por d
040 _aBR-BrBNA
_bpor
_cBiblioteca Nacional de Agricultura
072 _aF00; H20; H10
090 _a0180 BR8102497
100 1 _aOliveira, E.F. de
100 1 _aSimonetti, F.U.
100 1 _aGomide, F.B.
100 1 _aFranco, F. de A.
100 1 _aBairrao, J.F.M.
100 1 _aArrellaga, L.H.
100 1 _aGomes, L.S.
100 1 _aBassoc, M.C.
100 1 _aOliveira, M.A.R. de
100 1 _aMarostica, N.
100 1 _aCarvalho Neto, R.F.
110 1 _aOrganizacao das Cooperativas do Estado do Parana, Cascavel (Brasil)
_97725
245 1 _aTrigo - 1981. Recomendacoes para o estado do Parana. Zoneamento, cultivares, epocas de semeadura, densidade de semeadura, calagem e adubacao, manejo e conservacao do solo; tratamento quimico; descricao das cultivares [Triticum spp; Brasil]
246 1 _a[Wheat - 1981. Recomendation for the state of Parana. Zoning, cultivars, sowing periods, liming and manuring, soil treatment and conservation, chemical treatment, cultivar description [Triticum spp; Brazil]]
260 3 _aCascavel, PR (Brasil):
_c1981.
300 _a74 p.
490 _aBoletim Tecnico - Organizacao das Cooperativas do Estado do Parana (Brazil)
_vno. 6
_x
650 _aProducao vegetal
650 _aDoenca de planta
650 _aPraga de planta
650 _aTrigo
650 _aPratica cultural
650 _aVariedade
650 _aSemeadura
650 _aCalagem
650 _aAdubacao
650 _aParana
909 _a202312
_bLúcia Elande
_c55
_dLúcia Elande
942 _2AGRIS
_n0
_cMS
999 _c272318
_d272318